[Event "SVK-chT4 A22 1617"]
[Site "Slovakia"]
[Date "2016.11.06"]
[Round "3.3"]
[White "Uvacek, Radovan"]
[Black "Hornak, Pavol"]
[Result "1-0"]
[WhiteElo "1747"]
[BlackElo "1795"]
[PlyCount "59"]
[EventDate "2016.10.09"]
[EventType "team-tourn"]
[EventRounds "11"]
[EventCountry "SVK"]
[SourceTitle "EXT 2020"]
[Source "ChessBase"]
[SourceDate "2019.10.17"]
[SourceVersion "1"]
[SourceVersionDate "2019.10.17"]
[SourceQuality "1"]

1. e4 c5 2. Nf3 a6 3. Nc3 b5 4. d3 e6 5. g3 Nc6 6. Bg2 Qc7 7. Bf4 d6 8. 0-0 Nge7 9. d4 Nxd4 10. Nxd4 e5 11. Ndxb5 axb5 12. Nxb5 Qd7 13. Nxd6+ Kd8 14. Nxf7+ Ke8 15. Nd6+ Kd8 16. Bxe5 Nc6 17. Nxc8 Qxd1 18. Rfxd1+ Kxc8 19. Bc3 Ra7 20. a3 Re7 21. Rd5 Rc7 22. Rad1 Ne7 23. Rd8+ Kb7 24. e5+ Nc6 25. e6 Kb6 26. Bxc6 Kxc6 27. R1d7 Rxd7 28. exd7 Kc7 29. Ba5+ Kc6 30. Rxf8 1-0